000 00664nam a2200241 a 4500
008
020 _a0669168017 (cased)
049 _aMAIN
090 _aQA37.2
_bLAR
100 1 _aLarson, Ronald E.
245 1 0 _aFinite mathematics /
_cRoland E. Larson, Bruce H. Edwards
260 _aLexingtong :
_bD.C. Heath ,
_c1991.
300 _axii, 500 p. ;
_c24 cm.
500 _aIncludes index.
650 _aMathematics.
700 _aHeyd, David E.
700 _aEdwards, Bruce H.
907 _a.b10087941
_b18-02-10
_c05-09-03
003
005 20230123133413.0
040 _cNUST
942 _cBOOKS
_kQA37.2
_mLAR
999 _c148014
_d148014